|
|
|
|
| LEADER |
03521nam a22004213i 4500 |
| 001 |
EBC6751224 |
| 003 |
MiAaPQ |
| 005 |
20231204023219.0 |
| 006 |
m o d | |
| 007 |
cr cnu|||||||| |
| 008 |
231204s2018 xx o ||||0 ger d |
| 020 |
|
|
|a 9783839440667
|q (electronic bk.)
|
| 020 |
|
|
|z 9783837640663
|
| 035 |
|
|
|a (MiAaPQ)EBC6751224
|
| 035 |
|
|
|a (Au-PeEL)EBL6751224
|
| 035 |
|
|
|a (OCoLC)1046613555
|
| 040 |
|
|
|a MiAaPQ
|b eng
|e rda
|e pn
|c MiAaPQ
|d MiAaPQ
|
| 100 |
1 |
|
|a Henkel, Anna.
|
| 245 |
1 |
0 |
|a Reflexive Responsibilisierung :
|b Verantwortung für nachhaltige Entwicklung.
|
| 250 |
|
|
|a 1st ed.
|
| 264 |
|
1 |
|a Bielefeld :
|b transcript,
|c 2018.
|
| 264 |
|
4 |
|c {copy}2018.
|
| 300 |
|
|
|a 1 online resource (460 pages)
|
| 336 |
|
|
|a text
|b txt
|2 rdacontent
|
| 337 |
|
|
|a computer
|b c
|2 rdamedia
|
| 338 |
|
|
|a online resource
|b cr
|2 rdacarrier
|
| 490 |
1 |
|
|a Sozialtheorie
|
| 505 |
0 |
|
|a Intro -- Inhalt -- Einleitung -- I Normativität oder Neutralität der Wissenschaft? - Reflexionen auf die Praxis nachhaltigkeitsorientierter Forschung -- Klimaverantwortung und Energiekonflikte -- Macht und soziale Ungleichheit als vernachlässigte Dimensionen der Nachhaltigkeitsforschung -- Forschen im Spannungsfeld von Wissenschaft und Aktivismus -- Transdisziplinäre Nähe oder soziologische Distanz? -- Transdisziplinarität und Verantwortung -- Verantwortung kommt mit Nähe -- Reflexion der Beiträge -- II. Gesellschaftliche Verantwortungsverhältnisse - Wirkungen von Nachhaltigkeit auf das Verhältnis von Struktur und Individuum -- Partizipation: ein intrinsisches, dennoch relatives Gut nachhaltiger Entwicklung -- »Eingebaute Verantwortungslosigkeit« Über Systembedingungen mangelnder Nachhaltigkeit -- Ökologie der Subjekte -- Zukunftsverantwortung -- Verantwortung als systemspezifische Reflexion ökologischer Gefährdung -- Reflexive Responsibilisierung - feldtheoretisch ausgeleuchtet -- Reflexion der Beiträge -- III. Praktiken und Prozesse der Responsibilisierung - individuelle und gemeinschaftliche Verantwortungsattributionen -- Von »Verantwortung« zu »doing Verantwortung« -- Nachhaltiger Konsum im Alltag - Verantwortungsübernahme zwischen Politisierung und Agency -- Farmer, farmer, put away this DDT now -- Eigenverantwortung als neoliberale Regierungstechnologie und/oder emanzipatorische Selbst-Ermächtigung? -- Geteilte Verantwortung als Bedingung für eine ökologisch nachhaltige, sozial gerechte, geschlechtergerechte Postwachstumsgesellschaft -- Geplanter Verschleiß oder Wegwerfkonsum? -- Moralisierung der Marktsphäre? - -- Reflexion der Beiträge -- IV. Standpunkte -- Warum Konsumentenverantwortung allein die Umwelt nicht rettet -- Überforderte Politik - warum nur individuelle Verantwortungsübernahme die Ökosphäre rettet -- Autorinnen und Autoren.
|
| 588 |
|
|
|a Description based on publisher supplied metadata and other sources.
|
| 590 |
|
|
|a Electronic reproduction. Ann Arbor, Michigan : ProQuest Ebook Central, 2023. Available via World Wide Web. Access may be limited to ProQuest Ebook Central affiliated libraries.
|
| 655 |
|
4 |
|a Electronic books.
|
| 700 |
1 |
|
|a Lüdtke, Nico.
|
| 700 |
1 |
|
|a Buschmann, Nikolaus.
|
| 700 |
1 |
|
|a Hochmann, Lars.
|
| 776 |
0 |
8 |
|i Print version:
|a Henkel, Anna
|t Reflexive Responsibilisierung
|d Bielefeld : transcript,c2018
|z 9783837640663
|
| 797 |
2 |
|
|a ProQuest (Firm)
|
| 830 |
|
0 |
|a Sozialtheorie
|
| 856 |
4 |
0 |
|u https://ebookcentral.proquest.com/lib/matrademy/detail.action?docID=6751224
|z Click to View
|